Problemas y secretos maravillosos de las Indias / (Record no. 184655)

MARC details
000 -LEADER
campo de control de longitud fija 00938nam a2200229 i 4500
001 - NÚMERO DE CONTROL
campo de control 184655
003 - IDENTIFICADOR DE NÚMERO DE CONTROL
campo de control ES-MaACL
005 - FECHA Y HORA DE LA ÚLTIMA TRANSACCIÓN
campo de control 20251207063034.0
008 - DATOS DE LONGITUD FIJA--INFORMACIÓN GENERAL
campo de control de longitud fija 151030s1945 sp |||| | spa d
100 1# - ENTRADA PRINCIPAL--NOMBRE DE PERSONA
Nombre de persona Cárdenas, Juan de,
Fechas asociadas al nombre 1563-1609
9 (RLIN) 158053
245 10 - MENCIÓN DEL TÍTULO
Título Problemas y secretos maravillosos de las Indias /
Mención de responsabilidad, etc. por Juan de Cárdenas.
260 ## - PUBLICACIÓN, DISTRIBUCIÓN, ETC.
Lugar de publicación, distribución, etc. Madrid :
Nombre del editor, distribuidor, etc. Cultura Hispánica,
Fecha de publicación, distribución, etc. 1945.
300 ## - DESCRIPCIÓN FÍSICA
Extensión 3 h., 8 fac., 246 fol. ;
Dimensiones 28 cm.
490 1# - MENCIÓN DE SERIE
Mención de serie Colección de incunables americanos. Siglo XVI ;
Designación de volumen o secuencia 9
534 ## - NOTA SOBRE LA VERSIÓN ORIGINAL
Frase introductoria Reprod. de la ed. de:
Publicación, distribución, etc. del original En Mexico : en casa de Pedro Ocharte, 1591.
650 ## - PUNTO DE ACCESO ADICIONAL DE MATERIA--TÉRMINO DE MATERIA
Término de materia o nombre geográfico como elemento de entrada Naturaleza-
Subdivisión geográfica América-
Subdivisión de forma Obras anteriores a 1800.
9 (RLIN) 174391
650 #4 - PUNTO DE ACCESO ADICIONAL DE MATERIA--TÉRMINO DE MATERIA
Término de materia o nombre geográfico como elemento de entrada Incunables-
Subdivisión geográfica México.
9 (RLIN) 158047
651 ## - PUNTO DE ACCESO ADICIONAL DE MATERIA--NOMBRE GEOGRÁFICO
Nombre geográfico América española-
Subdivisión general Descripción-
Subdivisión de forma Obras anteriores a 1800.
9 (RLIN) 172691
830 1# - PUNTO DE ACCESO ADICIONAL DE SERIE-TÍTULO UNIFORME
Título uniforme Colección de incunables americanos. Siglo XVI ;
Designación de volumen o secuencia 9
9 (RLIN) 184950
852 ## - LOCALIZACIÓN
Ubicación ES-MaACL
Número de control de estantería B-13822
Holdings
Estatus retirado Estado de pérdida Estado de daño No para préstamo Biblioteca de origen Biblioteca actual Ubicación en estantería Fecha de adquisición Fuente de adquisición Total de préstamos Signatura topográfica completa Código de barras Visto por última vez Precio de reemplazo Tipo de ítem Koha
        Biblioteca del Ateneo de Madrid Biblioteca del Ateneo de Madrid Sala Pardo Bazán 30/10/2015     B-13822 1194415 23/02/2023 23/02/2023 Libro impreso